000 00284nam a2200109Ia 4500
008 190912s9999||||xx |||||||||||||| ||und||
100 _aDr. M. Ahmed
245 0 _aIslamic Political System In The Modern Age Theory
260 _aKarachi
_bEducation
_c1991
300 _a360
942 _cBK
999 _c7670
_d7670